Normal view
MARC view
Entry Topical Term
001 - CONTROL NUMBER
- control field: 34741
003 - CONTROL NUMBER IDENTIFIER
- control field: ARRUPE
005 - DATE AND TIME OF LATEST TRANSACTION
- control field: 20170811114203.0
008 - FIXED-LENGTH DATA ELEMENTS
- fixed length control field: 170811|| aca||aabn | a|a d
040 ## - CATALOGING SOURCE
- Original cataloging agency: ARRUPE
- Transcribing agency: ARRUPE
150 ## - HEADING--TOPICAL TERM
- Topical term or geographic name as entry element: Environmental protection
- General subdivision: Moral and ethical aspects.
670 ## - SOURCE DATA FOUND
- Source citation: Work cat.: (ARRUPE)0: McCloskey, H. J. (Henry John), 1925- 34738, Ecological ethics and politics /, 1983.